00466nam a22001337a 4500008004100000040005500041080001900096100002100115245009900136260005900235300001300294650001200307653001300319230420b |||||||| |||| 00| 0 eng d aNational Science LibrarycNational Science Library a378:608.3 bK2 aPalmer, Archie M aUniversity research and patent policies, practices and proceduresc/ National Research Council aWashington, D. C.: bNational Research Council, c1962 av, 291p. aScience aResearch